[Event "CZE-ch03 sf email"]
[Site "Czechia"]
[Date "2003.??.??"]
[Round "?"]
[White "Hladecek, Miloslav"]
[Black "Nevole, Milan"]
[Result "1/2-1/2"]
[WhiteElo "2275"]
[BlackElo "2238"]
[PlyCount "108"]
[EventDate "2003.??.??"]
[EventType "tourn (corr)"]
[EventRounds "16"]
[EventCountry "CZE"]
[SourceTitle "Corr 2006"]
[Source "ChessBase"]
[SourceDate "2006.04.01"]
[SourceVersion "3"]
[SourceVersionDate "2006.04.01"]
[SourceQuality "1"]

1. e4 c5 2. Nf3 d6 3. d4 cxd4 4. Nxd4 Nf6 5. Nc3 a6 6. Be3 Ng4 7. Bg5 h6 8. Bc1 Nc6 9. Be2 Nf6 10. 0-0 e5 11. Nxc6 bxc6 12. Bc4 Be7 13. Qd3 0-0 14. a4 a5 15. b3 Be6 16. Bxe6 fxe6 17. Qg3 Kh8 18. Bb2 Qe8 19. Rae1 Qh5 20. Nb1 Bd8 21. Kh1 Bb6 22. f3 Bc5 23. Ba3 Bb4 24. c3 Bxa3 25. Nxa3 Qf7 26. Nc4 Qc7 27. Rd1 Rfd8 28. b4 axb4 29. cxb4 Rxa4 30. Qe1 c5 31. Rc1 Rxb4 32. Nxe5 Rd4 33. Ng6+ Kh7 34. Nf4 Qe7 35. Qa5 Rb8 36. Qa2 e5 37. Ne2 Rdb4 38. Qd2 Qe6 39. Rc2 Rb1 40. Rfc1 Qb3 41. Rxb1 Qxb1+ 42. Rc1 Qb6 43. Ng3 Qb2 44. Qxb2 Rxb2 45. Kg1 Ne8 46. Nf5 g6 47. Ne3 Kg7 48. Ra1 Rb7 49. Ra8 Kf7 50. Kf2 h5 51. h4 Nc7 52. Rh8 Ne8 53. Rh7+ Ng7 54. g4 Rb2+ 1/2-1/2

[Event "CZE-ch03 sf email"]
[Site "Czechia"]
[Date "2003.??.??"]
[Round "?"]
[White "Kuchta, Jiri"]
[Black "Nevole, Milan"]
[Result "1/2-1/2"]
[WhiteElo "2299"]
[BlackElo "2238"]
[PlyCount "67"]
[EventDate "2003.??.??"]
[EventType "tourn (corr)"]
[EventRounds "16"]
[EventCountry "CZE"]
[SourceTitle "Corr 2006"]
[Source "ChessBase"]
[SourceDate "2006.04.01"]
[SourceVersion "3"]
[SourceVersionDate "2006.04.01"]
[SourceQuality "1"]

1. Nf3 d5 2. d4 Nf6 3. Bf4 c5 4. dxc5 e6 5. e3 Bxc5 6. Nbd2 0-0 7. Bd3 Nc6 8. 0-0 Re8 9. Bb5 Bd6 10. Bxd6 Qxd6 11. c4 a6 12. Bxc6 bxc6 13. Rc1 Bd7 14. e4 Qb8 15. e5 Ng4 16. Re1 Qxb2 17. Qa4 Qb8 18. c5 Nh6 19. Rb1 Qc7 20. Rb6 Nf5 21. Reb1 Ra7 22. a3 a5 23. Nb3 f6 24. Re1 Rb8 25. Rxb8+ Qxb8 26. Nbd4 Nxd4 27. Qxd4 f5 28. Qd3 Rb7 29. Nd4 Rb2 30. f4 Kf7 31. Ra1 h6 32. Qd1 g6 33. h3 Kg7 34. Qc1 1/2-1/2

[Event "CZE-ch03 sf email"]
[Site "Czechia"]
[Date "2003.??.??"]
[Round "?"]
[White "Nevole, Milan"]
[Black "Bures, Jilji"]
[Result "1/2-1/2"]
[WhiteElo "2238"]
[BlackElo "2295"]
[PlyCount "45"]
[EventDate "2003.??.??"]
[EventType "tourn (corr)"]
[EventRounds "16"]
[EventCountry "CZE"]
[SourceTitle "Corr 2006"]
[Source "ChessBase"]
[SourceDate "2006.04.01"]
[SourceVersion "3"]
[SourceVersionDate "2006.04.01"]
[SourceQuality "1"]

1. d4 d5 2. c4 e6 3. Nf3 Nf6 4. Nc3 c6 5. e3 Nbd7 6. Bd3 dxc4 7. Bxc4 b5 8. Bd3 a6 9. e4 c5 10. e5 cxd4 11. Nxb5 Nxe5 12. Nxe5 axb5 13. 0-0 Qd5 14. Qe2 Ba6 15. Bg5 Be7 16. f4 0-0 17. Rf3 Bb7 18. Rg3 Rxa2 19. Rxa2 Qxa2 20. Bxf6 Bxf6 21. Nd7 Be7 22. Bxh7+ Kxh7 23. Rxg7+ 1/2-1/2

[Event "Moravia-ch7 corr9800"]
[Site "Czech Republic"]
[Date "1998.??.??"]
[Round "?"]
[White "Nevole, Milan"]
[Black "Geryk, Miroslav"]
[Result "1/2-1/2"]
[WhiteElo "2175"]
[BlackElo "2120"]
[PlyCount "71"]
[EventDate "1998.??.??"]
[EventType "tourn (corr)"]
[EventRounds "16"]
[EventCountry "CZE"]
[SourceTitle "Corr 2002"]
[Source "ChessBase"]
[SourceDate "2002.05.23"]
[SourceVersion "1"]
[SourceVersionDate "2002.05.23"]
[SourceQuality "1"]

1. c4 Nf6 2. d4 e6 3. Nc3 Bb4 4. Qc2 0-0 5. a3 Bxc3+ 6. Qxc3 Ne4 7. Qc2 f5 8. g3 b6 9. Bg2 Bb7 10. Nf3 Nf6 11. Bf4 d6 12. 0-0 Be4 13. Qc3 Nbd7 14. Rfd1 Qe7 15. b4 a5 16. b5 Rae8 17. Ra2 e5 18. dxe5 dxe5 19. Bg5 Nc5 20. e3 h6 21. Bxf6 Rxf6 22. Rad2 Bb7 23. Qc2 f4 24. exf4 exf4 25. Nd4 Bxg2 26. Kxg2 Ne6 27. Re1 fxg3 28. Rxe6 Rxe6 29. Nxe6 gxf2 30. Qg6 Qxe6 31. Qxe6+ Rxe6 32. Kxf2 Rd6 33. Rc2 Rd3 34. c5 Rxa3 35. cxb6 cxb6 36. Rc6 1/2-1/2

[Event "Moravia-ch7 corr9800"]
[Site "Czech Republic"]
[Date "1998.??.??"]
[Round "?"]
[White "Osladil, Jaroslav"]
[Black "Nevole, Milan"]
[Result "1/2-1/2"]
[WhiteElo "2310"]
[BlackElo "2175"]
[PlyCount "76"]
[EventDate "1998.??.??"]
[EventType "tourn (corr)"]
[EventRounds "16"]
[EventCountry "CZE"]
[SourceTitle "Corr 2002"]
[Source "ChessBase"]
[SourceDate "2002.05.23"]
[SourceVersion "1"]
[SourceVersionDate "2002.05.23"]
[SourceQuality "1"]

1. Nf3 d5 2. c4 e6 3. g3 Nf6 4. Bg2 Be7 5. 0-0 0-0 6. b3 c5 7. e3 Nc6 8. Bb2 b6 9. Nc3 Bb7 10. cxd5 Nxd5 11. Nxd5 Qxd5 12. d4 Qf5 13. Ne5 Nxe5 14. Bxb7 Rad8 15. Qe2 Rd7 16. Bg2 Qd3 17. Rfe1 Qxe2 18. Rxe2 cxd4 19. Bxd4 Ng6 20. Rc1 Ba3 21. Rc4 e5 22. Bb2 Bxb2 23. Rxb2 Rfd8 24. Rbc2 Rd1+ 25. Bf1 Nf8 26. Kg2 Ne6 27. Be2 R1d6 28. Bg4 Nc5 29. Kf1 a5 30. b4 axb4 31. Rxb4 Kf8 32. Be2 Ke7 33. Rcb2 Ra8 34. Bc4 Na4 35. R2b3 Nc5 36. Rb1 Ne4 37. R1b2 Nd2+ 38. Ke2 Nxc4 1/2-1/2

[Event "Moravia-ch7 corr9800"]
[Site "Czech Republic"]
[Date "1998.??.??"]
[Round "?"]
[White "Tkac, Leopold"]
[Black "Nevole, Milan"]
[Result "1-0"]
[WhiteElo "2140"]
[BlackElo "2175"]
[PlyCount "90"]
[EventDate "1998.??.??"]
[EventType "tourn (corr)"]
[EventRounds "16"]
[EventCountry "CZE"]
[SourceTitle "Corr 2002"]
[Source "ChessBase"]
[SourceDate "2002.05.23"]
[SourceVersion "1"]
[SourceVersionDate "2002.05.23"]
[SourceQuality "1"]

1. e4 c5 2. Nf3 d6 3. d4 cxd4 4. Nxd4 Nf6 5. Nc3 a6 6. Be2 e6 7. 0-0 Be7 8. Qd3 0-0 9. Rd1 Nc6 10. Qg3 Nxd4 11. Rxd4 Qb6 12. Rd1 Bd7 13. Be3 Qa5 14. Bd2 Qb6 15. a4 a5 16. e5 Ne8 17. Be3 Qb4 18. Rab1 f5 19. f4 d5 20. Rd4 Qb6 21. Rxd5 Qc7 22. Rd2 Bb4 23. Rbd1 Bc6 24. Bc4 Qe7 25. Bb6 Rc8 26. Bb3 Kh8 27. Rd3 Nc7 28. Ne2 Rfe8 29. Kh1 Nd5 30. Bf2 Qf7 31. Nd4 Be7 32. Nxc6 bxc6 33. c4 Nb4 34. Rd7 Rcd8 35. Bb6 Ra8 36. R1d2 Na6 37. c5 Qg8 38. Qc3 Nb4 39. Qe3 Nd5 40. Qg3 g5 41. fxg5 Bxg5 42. Rd3 Re7 43. Rd6 Rg7 44. Rxc6 Be7 45. Qf3 Rxg2 1-0